000 00320nam a22001457a 4500
008 230703b ||||| |||| 00| 0 eng d
020 _a9780195065039
041 _aeng
080 _a616.8
082 _a616.8FIN
100 _a14
101 _aNEURO
245 _aORIGINS OF NEUROSCIENCE
_cFINGER.S
942 _2udc
_cBK
999 _c60079
_d60079